<?xml version="1.0" encoding="UTF-8"?>
<record
    xmlns:xsi="http://www.w3.org/2001/XMLSchema-instance"
    xsi:schemaLocation="http://www.loc.gov/MARC21/slim http://www.loc.gov/standards/marcxml/schema/MARC21slim.xsd"
    xmlns="http://www.loc.gov/MARC21/slim">

  <leader>01405nam a22002897a 4500</leader>
  <controlfield tag="005">20140505102514.0</controlfield>
  <datafield tag="010" ind1=" " ind2=" ">
    <subfield code="a">  ENG-107190</subfield>
  </datafield>
  <datafield tag="020" ind1=" " ind2=" ">
    <subfield code="a">9788125046622</subfield>
    <subfield code="c">675.00</subfield>
  </datafield>
  <datafield tag="035" ind1=" " ind2=" ">
    <subfield code="a">EN-90723</subfield>
  </datafield>
  <datafield tag="035" ind1=" " ind2=" ">
    <subfield code="a">B-505572</subfield>
  </datafield>
  <datafield tag="037" ind1=" " ind2=" ">
    <subfield code="b">DBAD/PUB</subfield>
  </datafield>
  <datafield tag="037" ind1=" " ind2=" ">
    <subfield code="b">BSB/Ven</subfield>
    <subfield code="a">dpl</subfield>
  </datafield>
  <datafield tag="082" ind1="0" ind2="0">
    <subfield code="a">306.697095491</subfield>
    <subfield code="2">23</subfield>
  </datafield>
  <datafield tag="100" ind1="1" ind2=" ">
    <subfield code="a">Khan, Naveeda</subfield>
    <subfield code="d">1969-</subfield>
  </datafield>
  <datafield tag="245" ind1="1" ind2="0">
    <subfield code="a">Muslim Becoming :</subfield>
    <subfield code="b">aspiration and skepticism in Pakistan /</subfield>
    <subfield code="c">by Naveeda Khan</subfield>
  </datafield>
  <datafield tag="260" ind1=" " ind2=" ">
    <subfield code="a">New Delhi</subfield>
    <subfield code="b">Orient BlackSwan</subfield>
    <subfield code="c">2012</subfield>
  </datafield>
  <datafield tag="270" ind1=" " ind2=" ">
    <subfield code="a">1/24 Asaf Ali Road</subfield>
    <subfield code="b">New Delhi</subfield>
    <subfield code="e">110002</subfield>
  </datafield>
  <datafield tag="300" ind1=" " ind2=" ">
    <subfield code="a">xii, 261p. </subfield>
    <subfield code="c">23cm(Hb)</subfield>
  </datafield>
  <datafield tag="500" ind1=" " ind2=" ">
    <subfield code="a">Includes bibliographical references (p. [209]-249) and index.</subfield>
  </datafield>
  <datafield tag="505" ind1="0" ind2=" ">
    <subfield code="a">Scenes of Muslim aspiration : neighborhood mosques and their qabza -- A possible genealogy of aspiration : Muhammad Iqbal in his time -- Inheriting Iqbal : the law and the Ahmadi question -- The singularity of aspiration : a father, a child and a jinn -- Skepticism in public culture : from the Jahil Maulwi to Mulla-ism -- Skepticism and spiritual diagnostics : Iqbal, the Ulama and the literati -- Epilogue: becoming present.</subfield>
  </datafield>
  <datafield tag="600" ind1="1" ind2="0">
    <subfield code="a">Iqbal, Muhammad,</subfield>
    <subfield code="c">Sir,</subfield>
    <subfield code="d">1877-1938.</subfield>
  </datafield>
  <datafield tag="650" ind1=" " ind2="0">
    <subfield code="a">Islam</subfield>
    <subfield code="z">Pakistan.</subfield>
  </datafield>
  <datafield tag="650" ind1=" " ind2="0">
    <subfield code="a">Muslims</subfield>
    <subfield code="z">Pakistan.</subfield>
  </datafield>
  <datafield tag="650" ind1=" " ind2="0">
    <subfield code="a">Islam and state</subfield>
    <subfield code="z">Pakistan.</subfield>
  </datafield>
  <datafield tag="942" ind1=" " ind2=" ">
    <subfield code="2">ddc</subfield>
    <subfield code="c">EN</subfield>
    <subfield code="h">306.69709547</subfield>
    <subfield code="m">KHA</subfield>
  </datafield>
  <datafield tag="999" ind1=" " ind2=" ">
    <subfield code="c">75752</subfield>
    <subfield code="d">75752</subfield>
  </datafield>
  <datafield tag="952" ind1=" " ind2=" ">
    <subfield code="0">0</subfield>
    <subfield code="1">0</subfield>
    <subfield code="4">0</subfield>
    <subfield code="7">1</subfield>
    <subfield code="8">NFIC</subfield>
    <subfield code="a">DBAD</subfield>
    <subfield code="b">DBAD</subfield>
    <subfield code="d">2013-05-17</subfield>
    <subfield code="e">DBAD/PUB</subfield>
    <subfield code="g">675.00</subfield>
    <subfield code="l">0</subfield>
    <subfield code="o">306.697095491 KHA</subfield>
    <subfield code="p">EN-90723</subfield>
    <subfield code="r">2013-05-17 00:00:00</subfield>
    <subfield code="t">1</subfield>
    <subfield code="v">675.00</subfield>
    <subfield code="y">EN</subfield>
  </datafield>
  <datafield tag="952" ind1=" " ind2=" ">
    <subfield code="0">0</subfield>
    <subfield code="1">0</subfield>
    <subfield code="4">0</subfield>
    <subfield code="7">0</subfield>
    <subfield code="8">NFIC</subfield>
    <subfield code="a">L</subfield>
    <subfield code="b">L</subfield>
    <subfield code="d">2014-05-05</subfield>
    <subfield code="e">BSB/884/09.03.2013/169/08.03.2013/20.03.2013</subfield>
    <subfield code="g">675.00</subfield>
    <subfield code="l">0</subfield>
    <subfield code="o">306.69709547 KHA</subfield>
    <subfield code="p">B-505572</subfield>
    <subfield code="r">2014-05-05 00:00:00</subfield>
    <subfield code="t">1</subfield>
    <subfield code="v">675.00</subfield>
    <subfield code="w">2014-05-05</subfield>
    <subfield code="y">EN</subfield>
  </datafield>
</record>
